000 00715cam a2200253 4500
999 _c5435
_d5435
001 5435
003 BD-JhCC
005 20180303123743.0
008 710720s1968 enka 001 0 eng
020 _a0245591133
035 _a(BD-JhCC)5435
040 _aDLC
_cDLC
_dOCL
_dUKM
_dCUD
041 _aeng
050 0 _aTK3001
_b.F72 1968
082 _a621.319
_bFRE 1968
100 1 _aFreeman, Peter John.
245 1 0 _aElectric power transmission and distribution /
_cby P. J. Freeman.
260 _aLondon,
_aToronto [etc.]
_bHarrap,
_c1968.
300 _a304 p.
_billus.
_c23 cm.
490 1 _aEngineering science monographs,
_v10
650 0 _aElectric power distribution.
942 _2ddc
_cBK